[Event "Brandenburg Seniors op 15th"]
[Site "Rowy"]
[Date "2006.06.24"]
[Round "5"]
[White "Stankiewicz, Andrzej"]
[Black "Fleiszerowicz, Leopold"]
[Result "0-1"]
[WhiteElo "1271"]
[BlackElo "1361"]
[PlyCount "102"]
[EventDate "2006.06.19"]
[EventType "swiss"]
[EventRounds "9"]
[EventCountry "POL"]
[SourceTitle "EXT 2007"]
[Source "ChessBase"]
[SourceDate "2006.11.23"]
[SourceVersion "1"]
[SourceVersionDate "2006.11.23"]
[SourceQuality "1"]

1. e4 e5 2. c3 Bc5 3. Nf3 Nc6 4. Bc4 d6 5. h3 h6 6. a3 a6 7. d3 Qe7 8. Qe2 Be6 9. Bxe6 Qxe6 10. b4 Bb6 11. 0-0 Nge7 12. Re1 0-0 13. Nh2 Ng6 14. Nf1 f6 15. Ne3 Nf4 16. Qc2 Qf7 17. Nf5 Qg6 18. Bxf4 exf4 19. Qe2 Rae8 20. Nd2 Ne7 21. Qg4 Qxg4 22. Nxe7+ Rxe7 23. hxg4 Rfe8 24. Kf1 g5 25. Nc4 Ba7 26. Nd2 c6 27. a4 b6 28. Nf3 Kg7 29. Nd4 Rc7 30. Rac1 Kg6 31. b5 c5 32. Nc6 a5 33. c4 Rf8 34. Rcd1 Rd7 35. d4 Bb8 36. e5 dxe5 37. dxe5 Rxd1 38. Rxd1 Bxe5 39. Nxe5+ fxe5 40. Rd6+ Rf6 41. Rc6 e4 42. Ke2 Kf7 43. Rc7+ Ke6 44. Rc8 Ke5 45. Rd8 Rd6 46. Re8+ Kd4 47. Re7 Kxc4 48. Rxe4+ Kb3 49. f3 c4 50. Re8 Kxa4 51. Rc8 Kxb5 0-1

[Event "Brandenburg Seniors op 15th"]
[Site "Rowy"]
[Date "2006.06.21"]
[Round "3"]
[White "Stankiewicz, Andrzej"]
[Black "Sube, Guenter"]
[Result "0-1"]
[WhiteElo "1271"]
[BlackElo "1676"]
[PlyCount "54"]
[EventDate "2006.06.19"]
[EventType "swiss"]
[EventRounds "9"]
[EventCountry "POL"]
[SourceTitle "EXT 2007"]
[Source "ChessBase"]
[SourceDate "2006.11.23"]
[SourceVersion "1"]
[SourceVersionDate "2006.11.23"]
[SourceQuality "1"]

1. e4 e6 2. d4 d5 3. Nc3 Nf6 4. e5 Nfd7 5. Nf3 c5 6. Be3 Nc6 7. Bb5 Be7 8. Bxc6 bxc6 9. 0-0 0-0 10. Ne2 f6 11. c3 fxe5 12. dxc5 e4 13. Nfd4 Ne5 14. b4 Bd7 15. Nf4 Qc8 16. Qd2 Nc4 17. Qe2 e5 18. Nh5 exd4 19. Bxd4 Bg5 20. Qxc4 dxc4 21. Ng3 Bf5 22. Rfe1 Bf6 23. Nxe4 Bxe4 24. Bxf6 Rxf6 25. Rxe4 Qf5 26. f3 Qg5 27. Rd1 Rxf3 0-1

[Event "Brandenburg Seniors op 15th"]
[Site "Rowy"]
[Date "2006.06.20"]
[Round "2"]
[White "Meinke, Dietlind"]
[Black "Stankiewicz, Andrzej"]
[Result "1/2-1/2"]
[WhiteElo "1722"]
[BlackElo "1271"]
[PlyCount "79"]
[EventDate "2006.06.19"]
[EventType "swiss"]
[EventRounds "9"]
[EventCountry "POL"]
[SourceTitle "EXT 2007"]
[Source "ChessBase"]
[SourceDate "2006.11.23"]
[SourceVersion "1"]
[SourceVersionDate "2006.11.23"]
[SourceQuality "1"]

1. e4 c5 2. Nc3 Nc6 3. f4 e6 4. Nf3 a6 5. g3 Nf6 6. d3 Be7 7. Bg2 d5 8. 0-0 dxe4 9. dxe4 0-0 10. Be3 Ng4 11. Qe2 Nxe3 12. Qxe3 b5 13. Rad1 Qc7 14. a3 Rb8 15. Na2 c4 16. Kh1 Qa7 17. Qxa7 Nxa7 18. c3 Nc6 19. Nd4 Nxd4 20. Rxd4 Bc5 21. Rd2 Bb7 22. Rfd1 Bb6 23. Nb4 f5 24. e5 Bxg2+ 25. Kxg2 Rbd8 26. Nxa6 Rxd2+ 27. Rxd2 Rd8 28. Rxd8+ Bxd8 29. Nc5 Kf7 30. Nb7 Bc7 31. Kf3 Ke7 32. Nc5 Bb6 33. Na6 h6 34. Nb4 Kd7 35. Nc2 Bc5 36. h3 h5 37. g4 hxg4+ 38. hxg4 g6 39. gxf5 gxf5 40. Ne1 1/2-1/2

[Event "Brandenburg Seniors op 15th"]
[Site "Rowy"]
[Date "2006.06.19"]
[Round "1"]
[White "Stankiewicz, Andrzej"]
[Black "Groeling, Juergen"]
[Result "0-1"]
[WhiteElo "1271"]
[BlackElo "1801"]
[PlyCount "84"]
[EventDate "2006.06.19"]
[EventType "swiss"]
[EventRounds "9"]
[EventCountry "POL"]
[SourceTitle "EXT 2007"]
[Source "ChessBase"]
[SourceDate "2006.11.23"]
[SourceVersion "1"]
[SourceVersionDate "2006.11.23"]
[SourceQuality "1"]

1. e4 c5 2. Nc3 a6 3. Nf3 e6 4. d4 cxd4 5. Nxd4 Qc7 6. Nf3 Nc6 7. a3 b5 8. Be3 Nf6 9. Be2 Bb7 10. Qd2 Be7 11. h3 d6 12. Nd4 0-0 13. Bd3 Ne5 14. Nde2 Nc4 15. Qc1 Rfd8 16. Bf4 e5 17. Bh2 Rac8 18. Ng3 Nxb2 19. Qxb2 Qxc3+ 20. Qxc3 Rxc3 21. 0-0 g6 22. Ne2 Rc5 23. Rfc1 Nxe4 24. c4 bxc4 25. Bxc4 Rdc8 26. Bd3 Rxc1+ 27. Nxc1 Nc5 28. Be2 f6 29. Bg3 d5 30. f3 d4 31. Be1 Kf7 32. Rb1 Bd5 33. Bb4 Rb8 34. Nd3 a5 35. Nxc5 Bxc5 36. Rc1 Bxb4 37. axb4 axb4 38. Rb1 b3 39. Rb2 Rc8 40. Bd3 Rc3 41. Bb1 d3 42. Kf1 Rc2 0-1

[Event "Brandenburg Seniors op 13th"]
[Site "Rowy"]
[Date "2004.06.22"]
[Round "2"]
[White "Mazurkiewicz, Antoni"]
[Black "Stankiewicz, Andrzej"]
[Result "1-0"]
[WhiteElo "1717"]
[BlackElo "1254"]
[PlyCount "120"]
[EventDate "2004.06.21"]
[EventType "swiss"]
[EventRounds "9"]
[EventCountry "POL"]
[SourceTitle "EXT 2006"]
[Source "ChessBase"]
[SourceDate "2005.11.24"]
[SourceVersion "1"]
[SourceVersionDate "2005.11.24"]
[SourceQuality "1"]

1. d4 Nf6 2. c4 g6 3. Nc3 d6 4. e4 Bg7 5. Nf3 a6 6. Be2 0-0 7. 0-0 c5 8. Be3 Nbd7 9. h3 b6 10. Qd2 Bb7 11. d5 Qc7 12. Bh6 Rad8 13. Rfe1 e5 14. Bf1 Nh5 15. g4 Nhf6 16. Bg5 Rfe8 17. Bg2 Nf8 18. Rad1 Bc8 19. Nh2 Rd7 20. Qe3 h5 21. Bxf6 Bxf6 22. gxh5 gxh5 23. Qf3 Nh7 24. Qxh5 Qd8 25. Ng4 Bg7 26. Nh6+ Bxh6 27. Qxh6 f6 28. Re3 Rg7 29. Rg3 Ree7 30. Kh2 Rxg3 31. fxg3 Rg7 32. Rf1 Bd7 33. a4 Qe7 34. b3 Kf8 35. Nd1 Ke8 36. Ne3 Kd8 37. h4 Rf7 38. Nf5 Bxf5 39. Rxf5 Rg7 40. Bh3 Qf7 41. Rf3 Ke7 42. Be6 Qg6 43. Qxg6 Rxg6 44. Bf5 Rg7 45. g4 a5 46. Bxh7 Rxh7 47. Kg3 Rg7 48. Rf5 Rh7 49. g5 fxg5 50. hxg5 Rh1 51. Rf3 Re1 52. Kg4 Rxe4+ 53. Kh5 Rf4 54. Rxf4 exf4 55. Kg4 f3 56. Kxf3 Kf7 57. Kf4 Kg6 58. Kg4 Kg7 59. Kf5 Kf7 60. g6+ Ke8 1-0

[Event "Brandenburg Seniors op 12th"]
[Site "Rowy"]
[Date "2003.06.25"]
[Round "9"]
[White "Stankiewicz, Andrzej"]
[Black "Schult, Otto"]
[Result "0-1"]
[WhiteElo "1218"]
[BlackElo "1605"]
[PlyCount "82"]
[EventDate "2003.06.??"]
[EventType "swiss"]
[EventRounds "9"]
[EventCountry "POL"]
[SourceTitle "EXT 2006"]
[Source "ChessBase"]
[SourceDate "2005.11.24"]
[SourceVersion "1"]
[SourceVersionDate "2005.11.24"]
[SourceQuality "1"]

1. e4 c6 2. Nc3 d5 3. exd5 cxd5 4. d4 Nf6 5. g3 Nc6 6. a3 Bf5 7. f3 Qb6 8. Nce2 e5 9. c3 Be7 10. Bg2 e4 11. h3 h6 12. g4 Bh7 13. Ng3 Bd6 14. N1e2 Qc7 15. Kf2 0-0-0 16. f4 Rhe8 17. Be3 Na5 18. b3 Kb8 19. Qc2 Qb6 20. Rhb1 Rc8 21. Nf1 Qd8 22. Kg3 g5 23. Qc1 h5 24. Ra2 Rg8 25. Nh2 Qd7 26. Kf2 gxf4 27. Nxf4 hxg4 28. hxg4 Nxg4+ 29. Nxg4 Qxg4 30. Kf1 Ka8 31. Nxd5 Qf5+ 32. Nf4 Rg4 33. c4 Bxf4 34. Bxf4 e3 35. Rf2 Qd3+ 36. Re2 Rxg2 37. Qxe3 Qxb1+ 38. Kxg2 Rg8+ 39. Kh2 Qf5 40. Qe8+ Qc8 41. Qb5 Nc6 0-1

[Event "Brandenburg Seniors op 12th"]
[Site "Rowy"]
[Date "2003.06.21"]
[Round "5"]
[White "Grigoleit, Eckhard"]
[Black "Stankiewicz, Andrzej"]
[Result "1-0"]
[WhiteElo "1605"]
[BlackElo "1218"]
[PlyCount "59"]
[EventDate "2003.06.??"]
[EventType "swiss"]
[EventRounds "9"]
[EventCountry "POL"]
[SourceTitle "EXT 2006"]
[Source "ChessBase"]
[SourceDate "2005.11.24"]
[SourceVersion "1"]
[SourceVersionDate "2005.11.24"]
[SourceQuality "1"]

1. e4 e5 2. Nf3 Nf6 3. Bc4 Bc5 4. Nc3 Nc6 5. h3 h6 6. a3 0-0 7. d3 a6 8. g4 d6 9. g5 hxg5 10. Bxg5 Ne7 11. Bxf6 gxf6 12. Rg1+ Ng6 13. Rxg6+ Kh7 14. Rg3 Rg8 15. d4 Bb6 16. Bxf7 Rxg3 17. fxg3 c6 18. Nh4 Qf8 19. Bg6+ Kg8 20. Qh5 Qg7 21. dxe5 dxe5 22. 0-0-0 Be6 23. g4 Be3+ 24. Kb1 Bg5 25. Nf5 Bxf5 26. gxf5 Qe7 27. h4 Bf4 28. Rg1 Qg7 29. Bf7+ Kf8 30. Rxg7 1-0

[Event "Brandenburg Seniors op 12th"]
[Site "Rowy"]
[Date "2003.06.18"]
[Round "2"]
[White "Stankiewicz, Andrzej"]
[Black "Kocik, Genowefa"]
[Result "0-1"]
[WhiteElo "1218"]
[BlackElo "1600"]
[PlyCount "52"]
[EventDate "2003.06.??"]
[EventType "swiss"]
[EventRounds "9"]
[EventCountry "POL"]
[SourceTitle "EXT 2006"]
[Source "ChessBase"]
[SourceDate "2005.11.24"]
[SourceVersion "1"]
[SourceVersionDate "2005.11.24"]
[SourceQuality "1"]

1. e4 e5 2. Nc3 Nc6 3. Nf3 Bc5 4. Bc4 Nd4 5. Na4 Bb6 6. Nxb6 axb6 7. Nxe5 Qg5 8. Nf3 Qxg2 9. Nxd4 Qxh1+ 10. Ke2 Qxe4+ 11. Kf1 Qxd4 12. Qe2+ Ne7 13. d3 Ra5 14. c3 Qf6 15. Be3 c5 16. d4 d5 17. b4 Ra8 18. Bb5+ Nc6 19. bxc5 bxc5 20. dxc5 0-0 21. Qd2 Be6 22. a4 Qf3 23. Rc1 Bh3+ 24. Ke1 Qh1+ 25. Ke2 Bg4+ 26. Kd3 Qe4# 0-1

[Event "Brandenburg Seniors op 11th"]
[Site "Rowy"]
[Date "2002.06.21"]
[Round "4"]
[White "Stankiewicz, Andrzej"]
[Black "Joch, Horst"]
[Result "0-1"]
[WhiteElo "1533"]
[BlackElo "1654"]
[PlyCount "62"]
[EventDate "2002.06.??"]
[EventType "swiss"]
[EventRounds "7"]
[EventCountry "POL"]
[SourceTitle "EXT 2006"]
[Source "ChessBase"]
[SourceDate "2005.11.24"]
[SourceVersion "1"]
[SourceVersionDate "2005.11.24"]
[SourceQuality "1"]

1. e4 e6 2. d4 d5 3. exd5 exd5 4. Bf4 Qe7+ 5. Qe2 Be6 6. Nf3 h6 7. Nbd2 Nc6 8. Nb3 Qd7 9. Nc5 Bxc5 10. dxc5 Nge7 11. Ne5 Qc8 12. Qd2 a6 13. c3 Nxe5 14. Bxe5 0-0 15. Bd3 Re8 16. 0-0 Qd7 17. Rad1 c6 18. b3 Bf5 19. Bf4 Bxd3 20. Qxd3 Qf5 21. Qd4 Ng6 22. Be3 Re4 23. Qd2 Rae8 24. Rfe1 Qe6 25. g3 Nh4 26. f3 Rxe3 27. Rxe3 Qxe3+ 28. Qxe3 Rxe3 29. gxh4 Rxc3 30. b4 Rc4 31. f4 Rxb4 0-1